00273nam a2200121Ia 4500008004100000100001200041245001900053260003400072300000900106650001400115942000700129999001500136190216s9999||||xx |||||||||||||| ||und|| aGhosh A 0aIndian Economy bThe World Press Pvt Ltdc1976 a695p aEconomics cBK c9633d9633